000 00494nam a22001937a 4500
003 MPLRDC
005 20220104182125.0
008 210129b ||||| |||| 00| 0 eng d
020 _a983-59-0394-8
082 _a524.944 YCW-12 1999
100 _aYEW CHEE WAI
245 _aSEJARAH PERADABAN DUNIA TINGKATAN 4, 5
_c
250 _a初版
260 _a
_bSASBADI SDN BHD
_c1999
300 _b
490 _aBANTUAN STUDI CEPAT SPM CERIA
650 _a
942 _cBK
_o524.944 YCW-12 1999
999 _c61805
_d61795